000 00341nam a22001457a 4500
003 OSt
008 230510b |||||||| |||| 00| 0 eng d
020 _a9789395101912
041 _aeng
082 _a510
_bKUL/GA
245 _aGate 2023 Mathematics
260 _bG K Publication
_c2023
700 _aEd, Kuldeep chaudhary
_95463
942 _cBK
999 _c17696
_d17696